000 00421nam a2200145Ia 4500
008 100122s9999 xx 000 0 und d
082 _b18098
_a954.76
100 _aटोळ दत्ता श्री
245 _aजय बांगला
260 _bभविरा प्रकाशन
_c1905
300 _a69
630 _aजय बांगला
730 _aजय बांगला
942 _cBOOK
999 _c407612
_d407609